header

Medical response to terror threats (Record no. 239080)

MARC details
000 -LEADER
fixed length control field 01738nam a2200385 a 4500
245 00 - TITLE STATEMENT
Title Medical response to terror threats
260 ## - PUBLICATION, DISTRIBUTION, ETC. (IMPRINT)
Place of publication Washington, D.C. :
Name of publisher IOS Press,
Year of publication 2010.
300 ## - PHYSICAL DESCRIPTION
Number of Pages xviii, 119 p. :
Other physical details ill.
490 1# - SERIES STATEMENT
Series statement NATO science for peace and security series. E, Human and societal dynamics,
500 ## - GENERAL NOTE
General note "This book ... is based on the NATO Advanced Research Workshop that took place in Jerusalem, Israel, on December 7-9, 2008."--Pref.
650 #0 - SUBJECT ADDED ENTRY--TOPICAL TERM
Topical Term Terrorism
Topical Term Emergency management.
Topical Term Disaster medicine.
700 1# - ADDED ENTRY--PERSONAL NAME
Personal name Richman, Aaron.
Personal name Shapira, Shmuel C.
Personal name Sharan, Yair.
856 40 - ELECTRONIC LOCATION AND ACCESS
Uniform Resource Identifier http://site.ebrary.com/lib/rucke/Doc?id=10425035

No items available.

© 2026 Rongo University
Contact us: librarian | system librarian | Rongo university